Vida y hechos del Ingenioso Cavallero Don Quixote de la Mancha (Record no. 2154)

MARC details
000 -CABECERA
campo de control de longitud fija 02074nam a2200313 a 4500
001 - NÚMERO DE CONTROL
campo de control BRCA_2413
005 - FECHA Y HORA DE LA ÚLTIMA TRANSACCIÓN
campo de control 20190320203809.0
008 - DATOS DE LONGITUD FIJA--INFORMACIÓN GENERAL
campo de control de longitud fija 131108s1750----sp-a---###---#000-0dspa-u
041 ## - CÓDIGO DE LENGUA
Código de lengua del texto/banda sonora o título independiente spa
044 ## - CÓDIGO DEL PAÍS DE LA ENTIDAD EDITORA/PRODUCTORA
Código MARC del país sp
084 ## - OTRO NÚMERO DE CLASIFICACIÓN
Número de clasificación 054
Número de documento/Ítem .M377
-- 1750
100 1# - ENTRADA PRINCIPAL--NOMBRE DE PERSONA
Nombre de persona Cervantes Saavedra, Miguel de
Fechas asociadas al nombre 1547-1616
9 (RLIN) 213
245 10 - MENCIÓN DE TÍTULO
Título Vida y hechos del Ingenioso Cavallero Don Quixote de la Mancha
Mención de responsabilidad, etc. compuesto por Miguel de Cervantes Saavedra.
260 ## - PUBLICACIÓN, DISTRIBUCIÓN, ETC.
Lugar de publicación, distribución, etc. Madrid
Nombre del editor, distribuidor, etc. Juan de S. Martin
Fecha de publicación, distribución, etc. 1750
300 ## - DESCRIPCIÓN FÍSICA
Extensión 2 v.
Otras características físicas il.
Dimensiones 22 cm.
500 ## - NOTA GENERAL
Nota general Contenido : v 1. Primera parte. Dedicatoria de Cide H. Benengeli a D. Quijote. Licencia. Versos preliminares. Advertencia del librero. Licencia del Consejo. Tasa. Prólogo del autor. Dedicatoria de G. Mayáns I Síscar al Barón de Carteret. Censura. Suma de la licencia del Consejo. Suma de la tasa. Vida de Cervantes. Texto. -- v 2. Segunda parte. Versos preliminares. Las cinco composiciones poéticas de la edición de 1730. La misma licencia del volumen 1. Aprovación. Suma de la tasa. Prólogo del autor. Texto
500 ## - NOTA GENERAL
Nota general Edición : Nueva edición corregida e ilustrada con 44 láminas muy apropiadas a la materia y añadida ahora nuevamente la vida de su autor escrita por Gregorio Mayáns I Síscar
500 ## - NOTA GENERAL
Nota general Copia de la edición de 1741 del mismo editor, y con aquella mala impresa, en mal papel y con láminas borrosas. Es la primera edición del Quijote que en España imprimió la biografía de Cervantes compilada por Mayáns I Síscar. Ejemplar bastante bien conservado, encuadernado en pergamino Lúdovik Osterc
500 ## - NOTA GENERAL
Nota general Estado físico : La cubierta del volumen 2 está desprendida
500 ## - NOTA GENERAL
Nota general QM40
650 14 - PUNTO DE ACCESO ADICIONAL DE MATERIA--TÉRMINO DE MATERIA
Término de materia o nombre geográfico como elemento de entrada Novela española
Subdivisión cronológica Época clásica, 1500-1700
9 (RLIN) 215
650 14 - PUNTO DE ACCESO ADICIONAL DE MATERIA--TÉRMINO DE MATERIA
Término de materia o nombre geográfico como elemento de entrada Literatura española
Subdivisión cronológica Época clásica, 1500-1700
9 (RLIN) 216
650 14 - PUNTO DE ACCESO ADICIONAL DE MATERIA--TÉRMINO DE MATERIA
Término de materia o nombre geográfico como elemento de entrada Novela española
Subdivisión cronológica Siglo XVII
9 (RLIN) 217
650 14 - PUNTO DE ACCESO ADICIONAL DE MATERIA--TÉRMINO DE MATERIA
Término de materia o nombre geográfico como elemento de entrada Don Quijote (Personaje ficticio)
Término indicativo de función/relación Novela
9 (RLIN) 218
700 1# - PUNTO DE ACCESO ADICIONAL--NOMBRE DE PERSONA
Nombre de persona Mayáns y Siscar, Gregorio
Fechas asociadas al nombre 1699-1781
Término indicativo de función/relación Biógrafo
9 (RLIN) 7097
740 0# - PUNTO DE ACCESO ADICIONAL--TÍTULO RELACIONADO O ANALÍTICO NO CONTROLADO
Título relacionado o analítico no controlado El Ingenioso Hidalgo Don Quijote de la Mancha
902 ## - CATALOGADOR
Iniciales QFM
942 ## - ELEMENTOS DE PUNTO DE ACCESO ADICIONAL (KOHA)
Fuente del sistema de clasificación o colocación Library of Congress Classification
Tipo de ítem Koha Libros
Holdings
Estado de retiro Estado de pérdida Estado dañado No para préstamo Localización permanente Ubicación/localización actual Fecha de adquisición Número de inventario Total de préstamos Signatura topográfica completa Código de barras Fecha visto por última vez Precio válido a partir de Tipo de ítem Koha
El ejemplar forma parte de la colección y puede ser consultado según las políticas vigentes.       Biblioteca del Museo Franz Mayer (Rogerio Casas-Alatriste) Biblioteca del Museo Franz Mayer (Rogerio Casas-Alatriste) 13/11/2008 QM40   054 .M377 1750 (QM40) 2410 22/03/2019 22/03/2019 Libros